Ruština 3 pro 5. ročník ZŠ s rozšířeným vyučováním jazyků. Díl 1 /

Hlavní autor: Vinšálek, Adolf, 1927-
Další autoři: Karpowiczová, Stanislava
Jazyk: Čeština
Vydáno: Praha : Státní pedagogické nakladatelství, 1981
Vydání: 1. vyd.
Edice: Učebnice pro základní školy
Témata:
Fyzický popis: 279 s.
Knihy
Uloženo v:
LEADER 01139nam a22002892a 4500
001 000201621
003 CZ BrMZK
005 20110225184619.0
007 ta
008 970107s1981 xr f cze d
015 |a cnb000399361 
035 |a (OCoLC)85279598 
040 |a BOA001  |b cze 
080 9 |a 808.2(075.2) 
100 1 |a Vinšálek, Adolf,  |d 1927-  |7 jk01142442  |4 aut 
245 1 0 |a Ruština 3 pro 5. ročník ZŠ s rozšířeným vyučováním jazyků.  |n Díl 1 /  |c Adolf Vinšálek a Stanislava Karpowiczová 
250 |a 1. vyd. 
260 |a Praha :  |b Státní pedagogické nakladatelství,  |c 1981 
300 |a 279 s. 
490 1 |a Učebnice pro základní školy 
700 1 |a Karpowiczová, Stanislava  |7 xx0022372 
830 0 |a Učebnice pro základní školy 
910 |a BOA001  |b PK-0091.069,1  |b 2-0837.337,1 
964 |a Ruština - učebnice - školy základní s rozšířeným vyučováním jazyků 
990 |a BK 
996 7 |b 2619396404  |c 2-0837.337,1  |l MZK  |r Sklad / do 1 hodiny  |n 0  |w 000201621  |u 000020  |a 1  |e BOA001  |j MZK50  |s A 
996 7 |b 3119901897  |c PK-0091.069,1  |l MZK  |r Sklad / do 1 hodiny  |n 0  |w 000201621  |u 000010  |a 1  |e BOA001  |j MZK50  |s A